The ancient Egyptian "tale of two brothers" : a mythological, relgious, literary, and historico-political study /

محفوظ في:

المؤلف الرئيسي: Hollis, Susan T. (مؤلف)

التنسيق: كتاب

اللغة: English

منشور في: Oakville, CT : Bannerstone Press, c2008.

الطبعة: 2nd ed.

الموضوعات:

الوسوم: إضافة وسم

لا توجد وسوم, كن أول من يضع وسما على هذه التسجيلة!

رقم الطلب: GR75 .T93 H65 2008

LEADER 00856namaa2200253 4500
001 24767
003 OSt
005 20250807091823.0
008 130303s2008 ctua g b 001 0 eng d
020 |a 9780977409426 
040 |c ARCE Library 
043 |a f-ua--- 
050 4 |a GR75 .T93 H65 2008 
100 1 |a Hollis, Susan T.,  |e author 
245 1 4 |a The ancient Egyptian "tale of two brothers" :   |b a mythological, relgious, literary, and historico-political study /   |c Susan Tower Hollis. 
250 |a 2nd ed. 
264 1 |a Oakville, CT :   |b Bannerstone Press,   |c c2008. 
300 |a xiii, 226 pages :   |b illustrations ;   |c 23 cm. 
504 |a Includes bibliographical references (pages 201-217) and index. 
650 0 |a Fairy tales  |z Egypt  |x History and criticism. 
650 0 |a Two Brothers (Tale) 
901 |a reviewed 
942 |c BK  |2 lcc 
999 |c 23126  |d 23126